00794cpcaa2200205 4500001001300000003000400013005001700017008004100034010001700075040002400092072001200116245005800128300001300186300001800199506002200217520025800239546003600497650003800533999001700571mm 82098129 DLC20260227111718.0850606|||||||||||| eng  amm 82098129  aDLCcDLCedacsdDLC 7aC2lcmd00aBritish newspaper history :kmanuscript,fcirca 1827. a1fitem. a1fcontainer.0 aOpen to research.8 aCorrected draft by an unknown person containing notices or notes on circa fifty English newspapers "at present published, metropolitan as well as provincial..." Includes comments on circulation, layout and appearance, and political leanings. With index. aCollection material in English. 0aBritish newspapersz19th century. c43835d43835